• 首页
  • 本馆介绍
  • 公告通知
  • 最新文献
  • 馆藏检索
  • 电子资源
  • 读者导购
  • 参考咨询
  • 我的图书馆
  • 登录
  • 详细信息显示
  • 放入我的书架
  • 预约/预借图书
  • 作者相关作品
  • 分类相关作品
  • 丛书相关作品
  • 出版社相关作品

书目信息

  • 表格格式
  • 工作单格式
  • 卡片格式
题名:
听觉感受和辨别的神经机制
    
 
作者: 梁之安
分册:  
出版信息: 上海   上海科技教育出版社  1999
页数: 262
开本: 20cm
丛书名: 脑科学丛书
单 册:
中图分类: R339.16
科图分类:
主题词: 人体生理学
电子资源:
ISBN: 7-5428-1982-8
000 00609nam0 2200205 450
001 0741144344
005 20070817112544.34
010    @a7-5428-1982-8@b精装@d¥22.00
100    @a20070817d km y0chiy0120 ea
101 0  @achi
200 1  @a听觉感受和辨别的神经机制@Ating jue gan shou he bian bie de shen jing ji zhi@f梁之安@Fliang zhi an
210    @a上海@c上海科技教育出版社@d1999
215    @a262@d20cm
225 2  @a脑科学丛书
410  0 @12001 @a脑科学丛书
606 0  @a人体生理学
690    @aR339.16@v3
701  0 @a梁之安@Aliang zhi an
801  0 @aCN@bPFT@c20070817
905    @a213230@dR339.16@en1@f1
    
    听觉感受和辨别的神经机制/梁之安.-上海:上海科技教育出版社,1999
    262;20cm.-(脑科学丛书)
    
    
    ISBN 7-5428-1982-8(精装):¥22.00
    
●
相关链接 在E读中查询图书 在五车中查询图书 在当当中查询图书 在豆瓣中查询图书


正题名:听觉感受和辨别的神经机制     索取号:R339.16/n1         预约/预借

序号 登录号 条形码 馆藏地/架位号 状态 备注
1 6600911   266009115   密集书库-生命科学系/ [索取号:R339.16/n1] 在馆    
唐山师范学院图书馆 欢迎您!
大连网信软件有限公司© 版权所有